Statistics for Седишта српских округа

Click here to take the quiz!

General Stats

  • This quiz has been taken 272 times
  • The average score is 24 of 29

Answer Stats

ОкругСедиште% Correct
НишавскиНиш
99%
СевернобачкиСуботица
97%
ЈужнобачкиНови Сад
97%
ПризренскиПризрен
96%
ПиротскиПирот
96%
ЗајечарскиЗајечар
96%
БорскиБор
94%
КосовскомитровачкиКосовска Митровица
93%
ПећкиПећ
93%
ШумадијскиКрагујевац
93%
КосовскиПриштина
90%
ЗлатиборскиУжице
89%
СредњобанатскиЗрењанин
87%
СремскиСремска Митровица
85%
МачванскиШабац
85%
РашкиКраљево
83%
КолубарскиВаљево
80%
ПчињскиВрање
79%
РасинскиКрушевац
78%
ЗападнобачкиСомбор
78%
ПодунавскиСмедерево
73%
СевернобанатскиКикинда
73%
МоравичкиЧачак
72%
ЈабланичкиЛесковац
72%
ЈужнобанатскиПанчево
71%
ПоморавскиЈагодина
68%
БраничевскиПожаревац
62%
ТопличкиПрокупље
45%
Косовско-поморавскиГњилане
45%

Score Distribution

Percentile by Number Answered

Percent of People with Each Score

Your Score History

You have not taken this quiz